[Event "BDO Challengers"]
[Site "Haarlem NED"]
[Date "2011.08.23"]
[Round "4.3"]
[White "Gijswijt,B"]
[Black "Jackson,J"]
[Result "1/2-1/2"]
[WhiteElo "2341"]
[BlackElo "2157"]

1.d4 Nf6 2.c4 Nc6 3.Nf3 e6 4.g3 d6 5.Bg2 g6 6.O-O Bg7 7.Nc3 O-O 8.e4 e5 9.d5 Ne7
10.Ne1 Nd7 11.Nd3 a5 12.Bd2 b6 13.a3 Ba6 14.Nb5 Bxb5 15.cxb5 a4 16.b4 axb3
17.Qxb3 f5 18.f3 Kh8 19.Rfc1 Nc5 20.Nxc5 dxc5 21.Bc3 fxe4 22.fxe4 Nc8 23.Rf1 Rxf1+
24.Rxf1 Nd6 25.Bd2 h5 26.g4 hxg4 27.Qg3 Qd7 28.h3 Nxb5 29.hxg4 Rxa3 30.Qh4+ Kg8
31.Bh6 Ra8 32.g5 Nd4 33.Rf6 Bxf6 34.gxf6 Ra1+ 35.Kh2 Ra2 36.Kg3 Ra3+ 37.Kh2 Ra2
38.Kg3 Ra3+ 39.Kh2 Qh7 40.Kg1 Ne2+ 41.Kf2 Nf4 42.Bf1 Ra2+ 43.Kf3 Rc2 44.Qg5 Rc3+
45.Kf2 Rh3 46.Qxe5 Qxh6 47.Qe8+ Qf8 48.f7+ Kg7 49.Qe5+ Kh7 50.Qxf4 Rb3 51.e5 c4
52.Bxc4 Rb4 53.Kg3 Rxc4 54.Qxc4 Qxf7 55.Qh4+ Kg7 56.e6 Qf6 57.Qc4  1/2-1/2

[Event "11th Metropolitan Invitational"]
[Site "Los Angeles USA"]
[Date "2011.08.24"]
[Round "2"]
[White "Panjwani,R"]
[Black "Khachiyan,M"]
[Result "1-0"]
[WhiteElo "2420"]
[BlackElo "2505"]

1.d4 Nf6 2.c4 Nc6 3.Nf3 e6 4.a3 d6 5.Nc3 g6 6.g3 Bg7 7.Bg2 O-O 8.O-O Re8
9.e3 a6 10.Qc2 Bd7 11.b4 Rb8 12.Bb2 b5 13.Nd2 Ne7 14.Rac1 d5 15.cxb5 axb5
16.e4 dxe4 17.Ncxe4 Nfd5 18.Nf3 Nf5 19.Ne5 Rb6 20.h4 f6 21.Nxd7 Qxd7 22.Rfe1 Qf7
23.Re2 Nd6 24.Nxd6 Rxd6 25.Bxd5 exd5 26.Rxe8+ Qxe8 27.Qxc7 Bf8 28.Qc8 Qe2
29.Bc3 h5 30.Re1 Qg4 31.Qe8 Rd7 32.Bd2 Rc7 33.Bf4 Rc8 34.Qxb5 Qf5 35.Re8  1-0

[Event "4th Jessie Gilbert Open"]
[Site "Coulsdon ENG"]
[Date "2011.08.27"]
[Round "8"]
[White "Lalic,B"]
[Black "Healey,M"]
[Result "1/2-1/2"]
[WhiteElo "2470"]
[BlackElo "2076"]

1.d4 Nf6 2.c4 Nc6 3.Nc3 e5 4.d5 Ne7 5.Nf3 Ng6 6.h4 h5 7.Bg5 Be7 8.e3 d6 9.Bd3 Nf8
10.c5 Ng4 11.Bxe7 Qxe7 12.Qa4+ Bd7 13.Qb4 b6 14.cxb6 cxb6 15.Nb5 Bxb5 16.Bxb5+ Nd7
17.Rc1 O-O 18.Rc7 Ngf6 19.Bxd7  1/2-1/2

[Event "1st ASDEC Open A"]
[Site "Messina ITA"]
[Date "2011.09.02"]
[Round "8"]
[White "Arito,Luigi"]
[Black "Epishin,V"]
[Result "0-1"]
[WhiteElo "1883"]
[BlackElo "2553"]

1.d4 Nf6 2.c4 Nc6 3.Nc3 e5 4.Nf3 e4 5.Ng5 Bb4 6.d5 Ne5 7.Qd4 d6 8.Nxe4 Nxe4
9.Qxe4 O-O 10.e3 Bxc3+ 11.bxc3 f5 12.Qd4 b6 13.Be2 Qe8 14.a4 a5 15.O-O Qg6
16.f4 Nd7 17.Bd3 Nc5 18.Bc2 Bd7 19.Ba3 Bxa4 20.Bxa4 Nxa4 21.Bxd6 Nxc3 22.Qxc3 Qxd6
23.Rfd1 Rfe8 24.Kf2 Re4 25.c5 bxc5 26.Rxa5 Rxa5 27.Qxa5 c4 28.Qc3 Qc5 29.h3 Rxf4+
30.Ke2 Re4 31.Kf3 h5 32.g4 hxg4+ 33.hxg4 Rxg4 34.Qe5 Re4  0-1

[Event "2nd Zlatni Rat Open"]
[Site "Bol CRO"]
[Date "2011.09.15"]
[Round "7.11"]
[White "Raimbault,P"]
[Black "Sadilek,P"]
[Result "0-1"]
[WhiteElo "1932"]
[BlackElo "2235"]

1.d4 Nf6 2.c4 Nc6 3.Nf3 e6 4.Bg5 h6 5.Bf4 Bb4+ 6.Nc3 g5 7.Bg3 Ne4 8.Rc1 h5
9.Qd3 d5 10.e3 h4 11.Be5 f6 12.Nxg5 Nxe5 13.dxe5 fxg5 14.f3 Nxc3 15.Qg6+ Kf8
16.bxc3 Be7 17.Rd1 Qe8 18.Qb1 Qf7 19.Bd3 Bc5 20.Bg6 Qe7 21.Qd3 Kg7 22.O-O Rh6
23.cxd5 exd5 24.f4 gxf4 25.Rxf4 Rxg6 26.Rdf1 Qg5  0-1

[Event "16th ECC w"]
[Site "Rogaska Slatina SLO"]
[Date "2011.09.29"]
[Round "5.2"]
[White "Mkrtchian,L"]
[Black "Vasilevich,I"]
[Result "1-0"]
[WhiteElo "2475"]
[BlackElo "2393"]

1.d4 Nf6 2.c4 Nc6 3.Nf3 e6 4.a3 d6 5.Nc3 g6 6.e4 Bg7 7.Be2 O-O 8.O-O e5 9.d5 Ne7
10.b4 Nh5 11.Re1 f5 12.Ng5 Nf6 13.Bd3 h6 14.Nf3 f4 15.h3 g5 16.Nh2 Ng6 17.Be2 Nh4
18.g3 fxg3 19.fxg3 Ng6 20.Bg4 Nxg4 21.hxg4 Bd7 22.Ra2 a5 23.b5 Qc8 24.Rg2 Rf7
25.Qe2 c6 26.a4 Qc7 27.Ba3 Raf8 28.Nd1 Nf4 29.gxf4 exf4 30.Qf3 cxb5 31.cxb5 Qb6+
32.Kh1 Rc8 33.Bb2 Bd4 34.Rd2 Bxb2 35.Nxb2 Rh7 36.Qf2 Qd8 37.Rg1 Qf6 38.Qd4 Qe7
39.Nd3 Re8 40.Re2 h5 41.gxh5 Rf8 42.e5 f3 43.Rf2 Rxh5 44.exd6 Qxd6 45.Qe5 Qh6
46.Nf4 Rf5 47.Qc7 Rh4 48.Qd8+ Qf8 49.Rxg5+ Kh7 50.Qxd7+ Rf7 51.Ne6  1-0

[Event "20th TCh-CRO 1a"]
[Site "Sibenik CRO"]
[Date "2011.10.08"]
[Round "5.4"]
[White "Bosiocic,Mari"]
[Black "Biti,O"]
[Result "1-0"]
[WhiteElo "2593"]
[BlackElo "2398"]

1.d4 Nf6 2.c4 Nc6 3.Nc3 e5 4.d5 Ne7 5.Nf3 Ng6 6.h4 h5 7.Ng5 d6 8.Qc2 Be7
9.g3 Nf8 10.Bd2 Ng4 11.f3 Nh6 12.e4 f6 13.Nh3 g6 14.O-O-O Nf7 15.f4 Bg4 16.Re1 Bd7
17.f5 g5 18.Nf2 g4 19.Nd3 c5 20.dxc6 bxc6 21.c5 dxc5 22.Be3 Qa5 23.Qa4 Qxa4
24.Nxa4 c4 25.Ndc5 Nd6 26.Rh2 Rb8 27.Rd2 Rb4 28.Bf2 Nb7 29.a3 Rb5 30.Nxb7 Rxb7
31.Bxc4 Rc7 32.Nc5 Bc8 33.Red1 Rh7 34.b4 Rg7 35.Be3 Rh7 36.Kc2 Rh8 37.Kb3 Rh7
38.Ne6 Nxe6 39.Bxe6 Bxe6+ 40.fxe6 Rg7 41.Kc4 a6 42.Bc5  1-0

[Event "Schachbundesliga 2011-12"]
[Site "Muelheim GER"]
[Date "2011.10.15"]
[Round "2"]
[White "Stern,R"]
[Black "Miton,K"]
[Result "1/2-1/2"]
[WhiteElo "2506"]
[BlackElo "2628"]

1.d4 Nf6 2.c4 Nc6 3.Nf3 e6 4.Nc3 Bb4 5.Bd2 O-O 6.Qc2 d6 7.a3 Bxc3 8.Bxc3 Qe7
9.e3 a5 10.Be2 e5 11.d5 Nb8 12.b4 Bg4 13.O-O Nbd7 14.h3 Bh5 15.e4 Bg6 16.Bd3 c6
17.dxc6 bxc6 18.Nd2 c5 19.b5 a4 20.Rfe1 Nh5 21.g3 Qe6 22.Kg2 Nb6 23.Re2 Qd7
24.Nf1 f5 25.exf5 Bxf5 26.Bxf5 Rxf5 27.Ne3 Rf7 28.Kh2 Raf8 29.Rd1 Qe6 30.Ba5 Nc8
31.Rdd2 Nf6 32.Qf5 Qe7 33.Qf3 h5 34.Qc6 Nh7 35.Nd5 Qe6 36.f4 Qg6 37.Rxe5 h4
38.g4 Nf6 39.Nxf6+ Qxf6 40.Rf5 Qe6 41.Rxf7 Rxf7 42.b6 Qe3 43.Qxc8+ Rf8 44.b7 Qxf4+
45.Kh1 Qf1+ 46.Kh2 Qf4+  1/2-1/2

[Event "49th ch-IND NatA"]
[Site "Aurangabad IND"]
[Date "2011.10.18"]
[Round "10"]
[White "Neelotpal,D"]
[Black "Himanshu,Sh"]
[Result "1-0"]
[WhiteElo "2458"]
[BlackElo "2421"]

1.d4 Nf6 2.c4 Nc6 3.Nf3 e6 4.g3 Bb4+ 5.Nc3 d6 6.Bg2 e5 7.dxe5 dxe5 8.Qxd8+ Kxd8
9.O-O Bxc3 10.bxc3 Be6 11.Rb1 Kc8 12.Nxe5 Nd8 13.Rd1 Nd7 14.Nxd7 Bxd7 15.c5 Re8
16.Be3 Bc6 17.Bh3+ Ne6 18.Bf5 a5 19.h4 a4 20.Rb4 g6 21.Be4 Bxe4 22.Rxe4 Rd8
23.Rb1 c6 24.Kg2 Ra5 25.Rbb4 Nxc5 26.Re7 Rd7 27.Re8+ Rd8 28.Re7 Rd7 29.Bxc5 Rxc5
30.Rxd7 Kxd7 31.Rxb7+ Ke6 32.Rb4 Rxc3 33.Rxa4 h5 34.e3 Rc2 35.Kf3 c5 36.Ra7 c4
37.a4 Ra2 38.a5 Kd6 39.Ke4 c3 40.Kd3 c2 41.Kd2 Ke6 42.Kc1 f6 43.a6 Kd5 44.Ra8 Kc6
45.a7 Kb6 46.Rf8 Rxa7 47.Rxf6+ Kc5 48.Kxc2  1-0

[Event "26th Reinis Open"]
[Site "Spijkenisse NED"]
[Date "2011.10.22"]
[Round "4.1"]
[White "Van Wely,L"]
[Black "Arnaudov,G"]
[Result "1/2-1/2"]
[WhiteElo "2689"]
[BlackElo "2484"]

1.d4 Nf6 2.c4 Nc6 3.Nf3 e6 4.g3 Bb4+ 5.Nbd2 d5 6.Qc2 dxc4 7.Qxc4 Qd5 8.Qxd5 exd5
9.a3 Bd6 10.Nb3 a5 11.Bf4 Bxf4 12.gxf4 Bg4 13.Nbd2 Ne4 14.e3 Nxd2 15.Nxd2 Bf5
16.Bb5 Bd7 17.Rc1 Ne7 18.Bd3 c6 19.Nb3 Bf5 20.Ke2 Bxd3+ 21.Kxd3 a4 22.Nd2 Kd7
23.Rc3 Nf5 24.Nf3 f6 25.Rg1 Rhg8 26.Rc2 Nd6 27.Ke2 Rae8 28.Ne1 Re7 29.Nd3 b6
30.Kf3 Rge8 31.Rgc1 Nc4 32.Kg2 Ra8 33.h4 Ra5 34.h5 Rb5 35.Nb4 Kd6 36.Kf3 Kd7
37.Rg1 Kd6 38.Rgc1 Kd7 39.f5 Ra5 40.Rg1 Ra8 41.h6 gxh6 42.Rh1 Rc8 43.Rxh6 Rf7
44.Nd3 Nd6 45.Kf4 Re8 46.f3 Kc7 47.Nb4 Nc4 48.e4 Kd6 49.e5+ Kc7 50.e6 Rfe7
51.Rxf6 Kd6 52.Rh6 c5 53.dxc5+ bxc5 54.Nd3 Rb8 55.Re2 d4 56.Re4 Nb6 57.Kg3 Rf8
58.Nxc5 Kxc5 59.f6 Ree8 60.Rh5+ Kd6 61.Rb5 Kc6 62.Rf5 Nd5 63.f7 Re7 64.Rxd4 Nc7
65.Rxa4 Nxe6 66.Ra6+ Kb7 67.Rd6 Ng7 68.Rb5+ Kc7 69.Ra6 Rexf7 70.f4 Nf5+ 71.Kh2 Nd6
72.Rc5+ Kd7 73.Rd5 Rf6 74.b4 Kc7 75.Rc5+ Kb7 76.Rcc6 Ne4 77.Rab6+ Ka7 78.Ra6+ Kb7
79.Rab6+ Ka7  1/2-1/2

[Event "TCh-BEL 2011-12"]
[Site "Belgium BEL"]
[Date "2011.10.23"]
[Round "2.1"]
[White "Winants,L"]
[Black "Hausrath,D"]
[Result "1-0"]
[WhiteElo "2540"]
[BlackElo "2507"]

1.d4 Nf6 2.c4 Nc6 3.Nf3 e6 4.e3 Bb4+ 5.Nbd2 O-O 6.Bd3 d6 7.O-O Bxd2 8.Nxd2 e5
9.d5 Nb4 10.Bb1 a5 11.a3 Na6 12.b3 Bg4 13.f3 Bh5 14.e4 c6 15.Rf2 Bg6 16.Nf1 cxd5
17.cxd5 Qb6 18.Be3 Nc5 19.Nd2 Rfc8 20.Qf1 Qa6 21.Qxa6 bxa6 22.Ra2 Ncd7 23.Rf1 Rc3
24.Kf2 Nc5 25.Ke2 Nxb3 26.Nxb3 Rxb3 27.Bc2 Rc3 28.Ba4 Rb8 29.Rc1 Rxc1 30.Bxc1 Ne8
31.Rb2 Rxb2+ 32.Bxb2 Nc7 33.g4 h5 34.h3 hxg4 35.hxg4 Nb5 36.Bd1 f6 37.a4 Nd4+
38.Ke3 Kf8 39.Bc3 Be8 40.Bxa5 g6 41.Bb6 Ke7 42.Kd3 Bd7 43.Kc4 g5 44.Kb4 Bc8
45.Bc7 Kd7 46.Bb8 Ke7 47.Ka5 Kd7 48.Kb6 Ke7 49.Kc7 Bd7 50.Ba7 Be8 51.Bb6 f5
52.gxf5 Bh5 53.Bxd4 exd4 54.e5  1-0

[Event "TCh-SVK Extraliga 2011-12"]
[Site "Slovakia SVK"]
[Date "2011.10.23"]
[Round "2"]
[White "Plachetka,J"]
[Black "Kuchynka,Luk"]
[Result "1-0"]
[WhiteElo "2388"]
[BlackElo "2314"]

1.d4 Nf6 2.c4 Nc6 3.Nf3 e6 4.e3 Bb4+ 5.Bd2 Bxd2+ 6.Qxd2 d6 7.Nc3 O-O 8.O-O-O Qe7
9.h3 a6 10.g4 b5 11.g5 Nd7 12.cxb5 axb5 13.Bxb5 Bb7 14.e4 Rfb8 15.Bxc6 Bxc6
16.d5 Bb7 17.Nd4 Nc5 18.Rhe1 e5 19.Nf5 Qd7 20.Qc2 Ba6 21.b3 Rb4 22.Re3 Rab8
23.Rg1 Kf8 24.f3 g6 25.Nh6 Rd4 26.Ng4 Nd3+ 27.Kb1 Nb4 28.Qh2 Qe8 29.Nf6 Qc8
30.h4 Bd3+ 31.Kc1 c6 32.Kb2 Nxa2 33.Nxa2 Rxb3+ 34.Ka1 Qb7 35.Rxd3 Rbxd3 36.Qc2 c5
37.Rb1 Qa7 38.Rb8+ Qxb8 39.Nd7+ Kg7 40.Nxb8 Rd1+ 41.Nc1 R1d2 42.Qb3 Rd1 43.Qc3 Ra4+
44.Kb2 Rb4+ 45.Kc2 Rdd4 46.Nc6 Rbc4 47.Nxd4 Rxc3+ 48.Kxc3 exd4+ 49.Kc4 f6
50.Nd3 h6 51.f4 fxg5 52.fxg5 hxg5 53.hxg5 Kf7 54.e5  1-0

[Event "World Youth U16 Ol"]
[Site "Kocaeli TUR"]
[Date "2011.10.26"]
[Round "5.8"]
[White "Valizadeh,A"]
[Black "Iskandarov,M"]
[Result "0-1"]
[WhiteElo "2187"]
[BlackElo "2300"]

1.d4 Nf6 2.c4 Nc6 3.Nf3 e6 4.Nc3 Bb4 5.Qc2 O-O 6.a3 Bxc3+ 7.Qxc3 Ne4 8.Qc2 f5
9.e3 d6 10.Bd3 Ng5 11.Nxg5 Qxg5 12.f4 Qh4+ 13.Qf2 Qxf2+ 14.Kxf2 a5 15.Bd2 a4
16.Rac1 Bd7 17.Rhd1 Na5 18.Be1 b6 19.Be2 Bc6 20.c5 bxc5 21.dxc5 d5 22.Bc3 Bb7
23.Bxa5 Rxa5 24.Rd4 Bc6 25.Rb4 Kf7 26.g3 Re8 27.Bh5+ g6 28.Bf3 Raa8 29.Rd1 Reb8
30.Rxb8 Rxb8 31.Rd2 Ke7 32.g4 fxg4 33.Bxg4 Kf6 34.h4 Rb5 35.Rc2 e5 36.fxe5+ Kxe5
37.Bf3 Bd7 38.Be2 Rb8 39.Bd1 Rf8+ 40.Kg3 Ke4 41.Rc3 Bb5 42.c6 Rf6 43.Bc2+ Ke5
44.e4 Rxc6 45.Rxc6 Bxc6 46.exd5 Kxd5 47.Kf4 Kd4 48.Bb1 Kc4 49.Bc2 h6 50.Ke5 g5
51.hxg5 hxg5 52.Kf5 Kd4 53.Kxg5 Ke3 54.Kf6 Kd2 55.Bf5 Kc1 56.Ke7 Bb5 57.Kd8 c6
58.b3 axb3 59.Kc7 b2 60.Kb6 Ba4  0-1

[Event "Venetian Autumn Masters 2011"]
[Site "Venice ITA"]
[Date "2011.10.31"]
[Round "2.1"]
[White "Santolini,L"]
[Black "Genocchio,D"]
[Result "0-1"]
[WhiteElo "2197"]
[BlackElo "2432"]

1.d4 Nf6 2.c4 Nc6 3.e3 e5 4.d5 Ne7 5.Nc3 Ng6 6.Qc2 c6 7.Nf3 cxd5 8.cxd5 Bb4
9.e4 O-O 10.Be2 d6 11.O-O a6 12.Ne1 Nf4 13.Nd3 Bxc3 14.bxc3 Nxe2+ 15.Qxe2 Bd7
16.Bg5 h6 17.Bxf6 Qxf6 18.c4 Rfc8 19.Rac1 Qg5 20.f4 exf4 21.Rxf4 b5 22.h4 Qe7
23.cxb5 Bxb5 24.Qe3 Rxc1+ 25.Nxc1 Rc8 26.Nb3 Rc2 27.Nd4 Rxa2 28.Nf5 Qe5 29.Qg3 Kh8
30.Rg4 Bd7 31.Qxe5 dxe5 32.Rg3 Bxf5 33.exf5 Rd2 34.Ra3 Rxd5 35.Rxa6 f6 36.Ra8+ Kh7
37.Re8 h5 38.Kf2 Rd2+ 39.Kf3 Rd3+ 40.Kf2 Ra3 41.g3 Rb3 42.Kg2 Rb2+ 43.Kf3 Rc2
44.Ke3 Rc3+ 45.Kf2 Rc2+ 46.Kf3 Rb2 47.Re6 Rb3+ 48.Kf2 Rb8 49.Kf3 Kg8 50.Ra6 Rf8
51.Ra7 Rf7 52.Ra8+ Kh7 53.Ra6 g6 54.Ke4 Kg7 55.fxg6 Kxg6 56.Ra8 Rb7 57.Ra3 Rb4+
58.Kf3 Kf5 59.Ra8 Rb3+ 60.Kf2 Ke4 61.Ra4+ Kd3 62.Ra6 Rb2+ 63.Kf1 f5 64.Ra3+ Ke4
65.Rc3 Rd2 66.Rc1 Kf3 67.Rc3+ Kg4 68.Rb3 e4  0-1

[Event "1st Panama Open"]
[Site "Panama City PAN"]
[Date "2011.11.04"]
[Round "4.17"]
[White "Sanchez Alvarez,R"]
[Black "Valdes,R"]
[Result "1-0"]
[WhiteElo "2394"]
[BlackElo "2125"]

1.d4 Nf6 2.c4 Nc6 3.Nf3 e6 4.a3 d6 5.Nc3 g6 6.e4 Bg7 7.Be2 O-O 8.Be3 Nd7
9.d5 Ne7 10.O-O e5 11.Rc1 h6 12.Nd2 f5 13.f3 f4 14.Bf2 g5 15.b4 Nf6 16.c5 Ng6
17.cxd6 cxd6 18.Nb5 Rf7 19.Qc2 Ne8 20.Nxa7 Bd7 21.Bb5 h5 22.Bxd7 Rxd7 23.Kh1 g4
24.Qd3 g3 25.Bg1 gxh2 26.Bf2 Nf6 27.Rc2 Bf8 28.Rfc1 Ng4 29.fxg4 hxg4 30.g3 Qg5
31.Nf1 Rf7 32.Re1 Bh6 33.Nxh2 Raf8 34.Nb5 Qh5 35.Nxd6 fxg3 36.Qxg3 Bf4 37.Qg1 Bxh2
38.Qxh2 Qxh2+ 39.Kxh2 Rxf2+ 40.Rxf2 Rxf2+ 41.Kg3  1-0

[Event "Vizag GM Open"]
[Site "Visakhapatnam IND"]
[Date "2011.11.30"]
[Round "10"]
[White "Ramnathan,B"]
[Black "Himanshu,Sh"]
[Result "1/2-1/2"]
[WhiteElo "2255"]
[BlackElo "2397"]

1.d4 Nf6 2.c4 Nc6 3.Nc3 e5 4.d5 Ne7 5.Nf3 Ng6 6.a3 a5 7.Rb1 d6 8.e4 Be7 9.Be2 O-O
10.O-O a4 11.Ne1 Bd7 12.Nd3 Qc8 13.Be3 b6 14.f3 h5 15.Qd2 h4 16.Bg5 Qd8 17.Be3 Nh5
18.Bd1 Ngf4 19.Nxf4 exf4 20.Bd4 Bf6 21.Ne2 Be5 22.Bxe5 dxe5 23.Rc1 Ra5 24.Qb4 h3
25.c5 hxg2 26.Rf2 Rxc5 27.Rxc5 bxc5 28.Qxc5 f5 29.Bc2 fxe4 30.Bxe4 Nf6 31.Bc2 Qb8
32.Nc3 Qb6 33.Qxb6 cxb6 34.Kxg2 Kf7 35.Re2 Re8 36.Nxa4 Nxd5 37.Bb3 Bxa4 38.Bxd5+ Kf6
39.b3 Rd8 40.Be4 Bxb3 41.Rb2 Bd5 42.Rxb6+ Kf7 43.Bxd5+ Rxd5 44.Rb2 Ra5 45.Rb3 Ke6
46.h4 Kf5 47.Rc3 g6 48.Rb3 Ra8 49.Rc3 Ra6 50.Rb3 Ke6 51.Kh3 Kf5 52.Kg2 Ra8
53.Rc3 Rb8 54.Rc2 Rb7 55.a4 Ra7 56.Ra2 Ra5 57.Kh3 g5 58.hxg5 Kxg5 59.Kg2 Kf5
60.Kf2 e4 61.fxe4+ Kxe4 62.Ra1 Kd5  1/2-1/2

[Event "London Classic FIDE Open"]
[Site "London ENG"]
[Date "2011.12.04"]
[Round "2"]
[White "Lemeaux,D"]
[Black "Plug,A"]
[Result "1-0"]
[WhiteElo "2279"]
[BlackElo "1945"]

1.d4 Nf6 2.c4 Nc6 3.Nf3 e6 4.a3 Be7 5.d5 Nb8 6.Nc3 O-O 7.e4 exd5 8.exd5 a5
9.Bd3 Na6 10.O-O Nc5 11.Bc2 b6 12.Re1 h6 13.Nd4 Re8 14.Qf3 Bb7 15.Bd2 c6
16.Nf5 cxd5 17.Qg3 Nh5 18.Qg4 Ne4 19.Nxh6+ Kf8 20.Qxh5 g6 21.Qf3 f5 22.Nxe4 dxe4
23.Bxe4 Bxe4 24.Rxe4 Kg7 25.Nxf5+ gxf5 26.Qxf5  1-0

[Event "London Classic FIDE Open"]
[Site "London ENG"]
[Date "2011.12.08"]
[Round "6"]
[White "Holzhauer,B"]
[Black "Mikkelsen,N"]
[Result "0-1"]
[WhiteElo "2131"]
[BlackElo "2381"]

1.d4 Nf6 2.c4 Nc6 3.Nf3 e6 4.Nc3 Bb4 5.Qc2 d6 6.Bg5 h6 7.Bd2 Qe7 8.a3 Bxc3
9.Bxc3 a5 10.g3 e5 11.d5 Nb8 12.Bg2 a4 13.O-O Nbd7 14.Nh4 Nc5 15.Nf5 Bxf5
16.Qxf5 O-O 17.f4 Nfd7 18.Rf3 Rae8 19.Raf1 e4 20.Re3 Nb6 21.Bd4 Qd7 22.Qxd7 Nbxd7
23.f5 f6 24.Rf4 Re7 25.Kf2 Rb8 26.Bxe4 b5 27.cxb5 Rxb5 28.Bc2 Rxe3 29.Kxe3 Nb6
30.Kd2 Nxd5 31.Rg4 Nb3+ 32.Bxb3 Rxb3 33.e4 h5 34.Rh4 Nb6 35.Rxh5 Nc4+ 36.Kc1 c5
37.Bc3 Nxa3 38.Rh4 Nb5 39.Kc2 Nd4+ 40.Bxd4 cxd4 41.Rf4 d3+ 42.Kc1 d2+ 43.Kxd2 Rxb2+
44.Kc3 Rxh2 45.Kb4 Ra2 46.Rf3 Re2 47.Rf4 Ra2 48.Rf3 a3 49.Rxa3 Re2 50.Kc4 Rxe4+
51.Kd5 Re5+ 52.Kxd6 Rxf5 53.Re3 Kf7 54.Re7+ Kg6 55.Re3 Kg5 56.Ke6 Ra5 57.Kf7 g6
58.Ke6 f5 59.Rb3 Kg4 60.Kf6 g5 61.Rc3 f4 62.gxf4 gxf4 63.Ke6 f3 64.Rc8 f2
65.Rg8+ Kf3  0-1

[Event "Arab Games Rapid Men"]
[Site "Doha QAT"]
[Date "2011.12.12"]
[Round "6"]
[White "Chahrani,I"]
[Black "Mansour,Sam"]
[Result "1/2-1/2"]
[WhiteElo "2243"]
[BlackElo "2284"]

1.d4 Nf6 2.c4 Nc6 3.Nf3 e6 4.g3 Bb4+ 5.Bd2 Qe7 6.Bg2 e5 7.dxe5 Nxe5 8.Nxe5 Bxd2+
9.Qxd2 Qxe5 10.Nc3 O-O 11.O-O d6 12.Rfd1 Rb8 13.Qd4 Be6 14.Nd5 Bxd5 15.cxd5 Qxe2
16.Re1 Qb5 17.Re7 Qb6 18.Qxb6 cxb6 19.Rc1 Rfe8 20.Rcc7 Rxe7 21.Rxe7 Kf8 22.Rc7 b5
23.Kf1 g6 24.h3 a5 25.g4 Ne8 26.Rd7 Rc8 27.Rxb7 Rc1+ 28.Ke2 Rc2+ 29.Ke3 Rxb2
30.a3 g5 31.Bf1 b4 32.axb4 axb4 33.Rb8 Ke7 34.Rb7+ Kf6 35.Bb5 Ng7 36.Rd7 Rb3+
37.Ke4 Ne8 38.Rd8 Nc7 39.Rxd6+ Kg7 40.Bd3 Rc3 41.Rb6 Rc5 42.d6 Ne6 43.d7 Nd8
44.Rb8 Nc6 45.d8=Q Nxd8 46.Rxd8 Rc1 47.Rb8 Rh1 48.Rxb4 Rxh3 49.Rb7 h5 50.gxh5 Rxh5
51.Bc4 Rh4+ 52.Kd3 Rf4 53.Rb2 f5 54.Bd5 Kf6 55.Ke3 Ra4 56.Bg2 g4 57.Rb6+ Kg5
58.Rb5 Ra3+ 59.Ke2 Ra2+ 60.Ke3 Ra3+ 61.Ke2 Ra2+ 62.Ke1 Ra1+ 63.Ke2 Ra2+ 64.Ke3 Ra3+
65.Kd2 Ra2+ 66.Ke3 g3 67.fxg3 Rxg2 68.Kf3 Ra2 69.Rb8  1/2-1/2

[Event "14th Padova Open"]
[Site "Padova ITA"]
[Date "2011.12.13"]
[Round "4"]
[White "Santolini,L"]
[Black "Arnaudov,G"]
[Result "0-1"]
[WhiteElo "2197"]
[BlackElo "2477"]

1.d4 Nf6 2.c4 Nc6 3.Nf3 e6 4.Nc3 Bb4 5.Bg5 h6 6.Bh4 g5 7.Bg3 Ne4 8.Qd3 d5
9.a3 Bxc3+ 10.bxc3 h5 11.Ne5 Bd7 12.Nxd7 Qxd7 13.f3 Nxg3 14.hxg3 Qd6 15.Kf2 h4
16.gxh4 gxh4 17.Rh3 O-O-O 18.c5 Qe7 19.Rb1 Nb8 20.e3 Rdg8 21.a4 c6 22.a5 Qc7
23.Ra1 a6 24.Qb1 Nd7 25.Qb4 Rg3 26.Rxg3 hxg3+ 27.Ke2 e5 28.Rb1 Re8 29.Kd2 e4
30.f4 Rh8 31.Be2 Rh2 32.Rg1 f5 33.Bd1 Nf6 34.Be2 Qh7 35.Qb6 Nd7 36.Qb1 Qh8
37.Qe1 Qh4 38.Qb1 Nf8 39.Qb6 Ne6 40.Qb1 Nxf4 41.exf4 Qxf4+ 42.Kc2 Qe3 43.Qf1 f4
44.Bxa6 f3 45.Bxb7+ Kxb7 46.Qb1+ Kc8 47.Qb6 Qd3+ 48.Kb3 Qc4+ 49.Ka3 Qxc3+
50.Ka4 Qxd4+ 51.Ka3 Qd3+ 52.Ka4 Qb5+ 53.Ka3 Rxg2  0-1

[Event "European Blitz 2011"]
[Site "Warsaw POL"]
[Date "2011.12.16"]
[Round "8"]
[White "Erdos,V"]
[Black "Bologan,V"]
[Result "0-1"]
[WhiteElo "2623"]
[BlackElo "2665"]

1.d4 Nf6 2.c4 Nc6 3.Nc3 e5 4.d5 Ne7 5.h4 h5 6.Nf3 Ng6 7.Bg5 Be7 8.e3 d6 9.Nd2 Ng4
10.Bxe7 Qxe7 11.g3 f5 12.Qc2 e4 13.Nb3 N6e5 14.Nd4 c5 15.dxc6 bxc6 16.O-O-O O-O
17.Na4 c5 18.Nb5 Bd7 19.Nac3 Bxb5 20.Nxb5 a6 21.Nc3 Nf6 22.Be2 Rab8 23.Nd5 Nxd5
24.Rxd5 g6 25.Qc3 Rb6 26.Rhd1 Rfb8 27.b3 Qf6 28.Kd2 Kf7 29.Qa5 Nc6 30.Qa3 Nb4
31.Ke1 Nc2+  0-1

[Event "XXIII Carlos Torre Magistral"]
[Site "Merida MEX"]
[Date "2011.12.18"]
[Round "4.4"]
[White "Miranda Llanes,Y"]
[Black "Gonzalez Zamora,J"]
[Result "1/2-1/2"]
[WhiteElo "2226"]
[BlackElo "2540"]

1.d4 Nf6 2.c4 Nc6 3.Nf3 e6 4.e3 Bb4+ 5.Bd2 Bxd2+ 6.Nbxd2 d6 7.e4 e5 8.d5 Nb8
9.c5 O-O 10.cxd6 cxd6 11.Bd3 a5 12.O-O Na6 13.Bxa6 Rxa6 14.Qb3 Nd7 15.Rac1 b6
16.Qe3 Nc5 17.Nb3 Ra7 18.Nfd2 Ba6 19.Nc4 Rb7 20.f4 Nxb3 21.axb3 b5 22.Nxd6 Qxd6
23.Rc6 exf4 24.Qd4 Qd8 25.Rxa6 Rc7 26.Qe5 Rc2 27.Qxf4 Rxb2 28.Rd6 Qe7 29.Rc6 Rxb3
30.d6 Qf6 31.Qd2 Rb2 32.Qd5 Qg6 33.e5 Rb1 34.Rcc1 Rxc1 35.Rxc1 Qg5 36.Qc5 h5
37.d7 Qd2 38.Qc8 b4 39.Rf1 Qd4+ 40.Kh1 Qd3 41.Kg1 Qd4+ 42.Kh1 Qd3 43.Kg1  1/2-1/2

[Event "Caissa New Year IM 2011-12"]
[Site "Kecskemet HUN"]
[Date "2011.12.27"]
[Round "1.2"]
[White "Sarosi,Z"]
[Black "Puranik,A"]
[Result "0-1"]
[WhiteElo "2305"]
[BlackElo "1991"]

1.d4 Nf6 2.c4 Nc6 3.Nf3 e6 4.Nc3 Bb4 5.e3 O-O 6.Bd3 d6 7.O-O Bxc3 8.bxc3 e5
9.Nd2 Re8 10.f3 Qe7 11.Ne4 Nxe4 12.fxe4 Qg5 13.Qf3 Qg6 14.Ba3 Bd7 15.c5 dxc5
16.Bxc5 b6 17.Ba3 Na5 18.Rf2 Bg4 19.Qg3 Rad8 20.Raf1 Be6 21.Qxg6 hxg6 22.d5 f6
23.Bb4 Bd7 24.Bxa5 bxa5 25.Rb2 Rb8 26.Rfb1 Rb6 27.Rxb6 cxb6 28.Ba6 Ba4 29.Rb2 Re7
30.c4 Rc7 31.Rd2 Kf8 32.Kf2 Ke8 33.h4 Kd7 34.g4 Kd6 35.Kg3 Bd7 36.g5 fxg5
37.hxg5 Bc8 38.Bb5 a6 39.Be8 Rxc4 40.Bxg6 b5 41.Bf5 b4 42.Bxc8 Rxc8 43.Kg4 a4
44.Rb2 a5 45.Kf5 a3 46.Rb1 Rb8 47.Kg6 Rb7 48.Rc1 a4 49.Rc6+ Kd7 50.Kxg7 b3
51.Rc1 b2 52.Rb1 Rc7 53.Rf1 Rc1 54.Rf7+ Kc8 55.Rf8+ Kb7 56.Rf7+ Ka6 57.d6 b1=Q
58.d7 Rd1 59.Kf8 Qxa2 60.g6 Qxf7+  0-1

[Event "Caissa New Year Rating 2011-12"]
[Site "Kecskemet HUN"]
[Date "2011.12.27"]
[Round "1.3"]
[White "Haukenes,Alise"]
[Black "Kovacs,Zo3"]
[Result "0-1"]
[WhiteElo "1655"]
[BlackElo "2075"]

1.d4 Nf6 2.c4 Nc6 3.Nf3 e6 4.Nc3 Bb4 5.Qc2 d6 6.Bg5 e5 7.e3 O-O 8.Be2 Bg4
9.Rd1 h6 10.Bh4 exd4 11.exd4 Bxf3 12.Bxf3 Qe8+ 13.Qe2 Qxe2+ 14.Bxe2 Ne4 15.Rd3 Rae8
16.Kd1 Nxd4 17.Bf3 Nxf3 18.gxf3 Nxc3+ 19.bxc3 Bc5 20.Rg1 f5 21.f4 Re4 22.Rdg3 Rf7
23.Rf3 Rxc4 24.Kd2 Ra4 25.Ra1 d5 26.Rg3 d4 27.Rd3 Rd7  0-1

[Event "1st St Leon-Rot Open"]
[Site "Sankt Leon-Rot GER"]
[Date "2011.12.28"]
[Round "3"]
[White "Helbig,Daniel"]
[Black "Chernov,Va"]
[Result "0-1"]
[WhiteElo "2072"]
[BlackElo "2445"]

1.d4 Nf6 2.c4 Nc6 3.Nc3 e5 4.d5 Ne7 5.g3 Ng6 6.Bg2 Bb4 7.Qc2 O-O 8.h4 h6
9.Bd2 d6 10.O-O-O Ne7 11.f3 c6 12.g4 cxd5 13.g5 Nh5 14.cxd5 Bxc3 15.Bxc3 Nf4
16.e4 h5 17.Qf2 Neg6 18.Ne2 Nxe2+ 19.Qxe2 Qb6 20.Bd2 Bd7 21.Be3 Qa5 22.Kb1 Rfc8
23.Bh3 Bxh3 24.Rxh3 Rc7 25.Rc1 Rxc1+ 26.Bxc1 Rc8 27.Rh1 Qa4 28.b3 Qd7 29.Qf2 b6
30.f4 exf4 31.Bxf4 Qg4 32.Rf1 Nxh4 33.Kb2 Ng6 34.Bxd6 Qxe4 35.Qxf7+ Kh7 36.Rf2 Qe3
37.Rh2 Qc1+  0-1

[Event "Hastings Masters 2011-12"]
[Site "Hastings ENG"]
[Date "2011.12.29"]
[Round "2.38"]
[White "Talsma,P"]
[Black "Gregory,S"]
[Result "1-0"]
[WhiteElo "2246"]
[BlackElo "2124"]

1.d4 Nf6 2.c4 Nc6 3.Nf3 d6 4.Nc3 e5 5.Bg5 exd4 6.Nxd4 Be7 7.e3 O-O 8.Be2 Re8
9.O-O h6 10.Bh4 Nxd4 11.Qxd4 Bd7 12.Rfd1 a6 13.Rac1 Bc6 14.Bg3 Bf8 15.f3 g6
16.Qd2 b6 17.e4 Bg7 18.Bf4 Kh7 19.Nd5 Nxd5 20.cxd5 Bb5 21.Bxb5 axb5 22.a3 Ra7
23.Rc2 Qf6 24.Be3 Re7 25.Qe2 Qh4 26.Bf2 Qg5 27.Qxb5 f5 28.exf5 Qxf5 29.Qd3 Qf7
30.Re1 Be5 31.g3 Ra5 32.Rd2 Ra8 33.Rde2 Rae8 34.b4 Bf6 35.Rxe7 Rxe7 36.Re4 Re5
37.Rxe5 Bxe5 38.a4 Qd7 39.Qc2 h5 40.a5 bxa5 41.bxa5 Qg7 42.Qc4 Qf7 43.f4 Bf6
44.a6 c5 45.Qb5 Kh6 46.Qb7 Qe8 47.a7 Bd4 48.Bxd4 Qe1+ 49.Kg2 cxd4 50.Qc8  1-0

[Event "Caissa New Year IM 2011-12"]
[Site "Kecskemet HUN"]
[Date "2011.12.29"]
[Round "4.1"]
[White "Keresztes,R"]
[Black "Puranik,A"]
[Result "1/2-1/2"]
[WhiteElo "2255"]
[BlackElo "1991"]

1.d4 Nf6 2.c4 Nc6 3.Nf3 e6 4.g3 Bb4+ 5.Bd2 Qe7 6.Bg2 O-O 7.O-O Bxd2 8.Qxd2 a5
9.Nc3 d6 10.e4 e5 11.Nd5 Qd8 12.Nxf6+ Qxf6 13.d5 Nb8 14.Ne1 Nd7 15.Nd3 b6
16.Qc3 Nc5 17.b3 Bd7 18.f4 Nxd3 19.Qxd3 exf4 20.gxf4 Rfe8 21.Rae1 Qg6 22.Re3 Re7
23.Qd4 f6 24.Rg3 Qf7 25.e5 dxe5 26.fxe5 Rxe5 27.d6 c6 28.Qxb6 Qe6 29.Bxc6 Qxd6
30.Bd5+ Rxd5 31.Qb7 Qc5+ 32.Kh1 Rd2 33.Qxa8+ Kf7 34.Qb7 Kg8 35.Qa8+ Kf7 36.Qb7 Kg8
37.Qa8+  1/2-1/2